000 00509nam a2200193Ia 4500
005 20250317130931.0
008 008 250317s9999 xx 000 0 eng d
037 _aTextbook
040 _aFMSL
_beng
_cFMSL
041 _aeng
_2eng
084 _qFMSL
100 _aBrown JL
_9746254
245 0 _aPrinciples and practice of management Accounting
250 _aed3
260 _aLondon
_bLondon, E.L.B.S
_c1975
300 _a768p
942 _cTB
999 _c1265945
_d1265945